Growing & Shrinking U.S. Cities by Percentage - Statistics

General Stats
  • This quiz has been taken 229 times
  • The average score is 15 of 20
Answer Stats
Gain U.S. City % Correct
-28.3% MI Detroit
99%
-18.5% OH Cleveland
95%
-11.6% NY Buffalo
94%
-6.0% IL Chicago
94%
-19.4% LA New Orleans
94%
-8.7% PA Pittsburgh
94%
-9.8% OH Cincinnati
92%
-8.9% MO St. Louis
91%
-12.2% AL Birmingham
90%
-10.8% OH Toledo
87%
45.1% NC Charlotte
83%
55.4% NC Raleigh
83%
59.3% NV Henderson
70%
99.0% NV North Las Vegas
69%
52.6% TX Fort Worth
60%
45.2% AZ Chandler
57%
111.0% AZ Gilbert
55%
52.5% CA Bakersfield
41%
75.1% CA Irvine
37%
51.3% CA Chula Vista
32%
No matching quizzes found
Score Distribution
Percent of People with Each Score
Percentile by Number Answered
Your Score History
You have not taken this quiz